| 000 | 01191nam a22002777a 4500 | ||
|---|---|---|---|
| 001 | 7247 | ||
| 003 | FISKH | ||
| 005 | 20250818150340.0 | ||
| 008 | 250704b cb ||||| |||| 00| 0 eng d | ||
| 020 | _a807728678463 | ||
| 040 |
_aFISKH _beng _cFISKH _dFISKH |
||
| 050 | _aPZ7 | ||
| 082 | _a398.8 | ||
| 100 | _aAnonymous | ||
| 245 |
_aHey, diddle, diddle, and other rhymes : _bMy nursery rhymes / |
||
| 250 | _aThis edition published in 2003 | ||
| 260 |
_aBath BA1 1 HE : _bParragon Publishing Book, _c2000 |
||
| 300 |
_a24 pages : _bcolor illustrations ; _c21 cm |
||
| 505 | _aE | ||
| 520 | _aHey Diddle Diddle is a playful and imaginative nursery rhyme that delights children with its whimsical characters and nonsense events. It’s a fun, rhythmic verse filled with fantasy and humor, making it a favorite for early childhood reading and singing. The story doesn’t follow logical events—instead, it sparks imagination, encourages language development, and invites young readers to explore rhythm and rhyme. | ||
| 521 | 8 |
_a160
_bLexile estimate |
|
| 521 | 8 |
_aE
_bRaz-Plus |
|
| 650 |
_aStories in Rhyme _vNursery Rhymes |
||
| 942 |
_2ddc _cBK _n0 |
||
| 999 |
_c7247 _d7247 |
||